[Event "Kurnosov Memorial Rapid 2019"]
[Site "Chelyabinsk"]
[Date "2019.09.07"]
[Round "9.9"]
[White "Drygalov, Andrey"]
[Black "Bezgodov, Alexei"]
[Result "1/2-1/2"]
[WhiteElo "2499"]
[BlackElo "2459"]
[Annotator "ChessBase"]
[PlyCount "62"]
[EventDate "2019.09.06"]
[EventType "swiss"]
[EventCountry "RUS"]
[SourceTitle "playchess.com"]
[Source "ChessBase"]
[SourceQuality "1"]
[TimeControl "900+10"]

1. e4 {[%emt 0:00:00]} e5 {[%emt 0:00:00]} 2. Nf3 {[%emt 0:00:00]} Nf6 {[%emt 0:00:00]} 3. Nxe5 {[%emt 0:00:14]} d6 {[%emt 0:00:00]} 4. Nf3 {[%emt 0:00:02]} Nxe4 {[%emt 0:00:00]} 5. d4 {[%emt 0:00:01]} d5 {[%emt 0:00:17]} 6. Bd3 {[%emt 0:00:03]} Nc6 {[%emt 0:01:09]} 7. O-O {[%emt 0:01:07]} Be7 {[%emt 0:00:02]} 8. Nbd2 {[%emt 0:00:08]} Nxd2 {[%emt 0:00:34]} 9. Bxd2 {[%emt 0:00:01]} Bg4 {[%emt 0:00:05]} 10. c3 {[%emt 0:00:07]} O-O {[%emt 0:00:08]} 11. h3 {[%emt 0:01:10]} Bh5 {[%emt 0:00:07]} 12. Be2 {[%emt 0:00:43]} Re8 {[%emt 0:00:15]} 13. Ne1 {[%emt 0:00:44]} Bxe2 {[%emt 0:00:24]} 14. Qxe2 {[%emt 0:00:01]} Bg5 {[%emt 0:00:54]} 15. Qd1 {[%emt 0:00:01]} Bxd2 {[%emt 0:00:17]} 16. Qxd2 {[%emt 0:00:01]} Qe7 17. Nd3 {[%emt 0:00:44]} Qe2 {[%emt 0:00:31]} 18. Rad1 {[%emt 0:00:08]} Qxd2 {[%emt 0:00:07]} 19. Rxd2 {[%emt 0:00:01]} Rad8 {[%emt 0:00:19]} 20. f3 {[%emt 0:00:26]} f6 {[%emt 0:00:07]} 21. Kf2 {[%emt 0:00:02]} Kf7 {[%emt 0:00:00]} 22. h4 {[%emt 0:00:02]} Na5 {[%emt 0:00:26]} 23. b3 {[%emt 0:00:16]} Nc6 {[%emt 0:00:01]} 24. g4 {[%emt 0:00:14]} g6 {[%emt 0:01:03]} 25. Nf4 {[%emt 0:00:15]} Rd6 {[%emt 0:00:38]} 26. h5 {[%emt 0:01:41]} g5 {[%emt 0:00:40]} 27. Ne2 {[%emt 0:00:46]} f5 {[%emt 0:00:11]} 28. gxf5 {[%emt 0:02:06]} Rf6 {[%emt 0:00:51]} 29. Rg1 {[%emt 0:04:29]} h6 {[%emt 0:00:55]} 30. Rd3 {[%emt 0:00:03]} Ne7 {[%emt 0:00:43]} 31. Ng3 {[%emt 0:02:15]} Ra8 1/2-1/2

[Event "Kurnosov Memorial Rapid 2019"]
[Site "Chelyabinsk"]
[Date "2019.09.07"]
[Round "9.10"]
[White "Gutenev, Alexander"]
[Black "Zhalmakhanov, Ramazan"]
[Result "0-1"]
[WhiteElo "2516"]
[BlackElo "2342"]
[Annotator "TA"]
[PlyCount "126"]
[EventDate "2019.09.06"]
[EventType "swiss"]
[EventCountry "RUS"]
[SourceTitle "playchess.com"]
[Source "ChessBase"]
[SourceQuality "1"]

{[%evp 12,126,37,31,65,-31,30,32,34,-95,-86,-92,-88,-118,-91,-125,-76,-122,-89,-99,-95,-120,-116,-112,-72,-77,-68,-110,-103,-94,-94,-168,-172,-227,-231,-285,-252,-338,-335,-338,-340,-359,-285,-276,-267,-355,-360,-357,-337,-757,-757,-747,-752,-758,-749,-746,-741,-696,-469,-459,-404,-391,-337,-319,-314,-460,-472,-460,-453,-487,-487,-444,-479,-520,-517,-650,-644,-649,-644,-647,-633,-631,-605,-716,-688,-676,-653,-650,-622,-1018,-649,-1012,-648,-657,-606,-631,-491,-562,0,-631,-616,-642,-552,-629,-593,-842,-1063,-1475,-1444,-1373,-1491,-1461,-1354,-5506,-5160,-2330,-1895]} 1. e4 c5 2. Nf3 d6 3. d4 cxd4 4. Nxd4 Nf6 5. Nc3 Bd7 6. Be2 Nc6 7. Be3 Rc8 {B58: Classical Sicilian: 6 Be2} (7... e6 8. g4 h6 9. f4 Nxd4 10. Qxd4 e5 11. fxe5 Nxg4 12. O-O-O Nxe3 13. Qxe3 Qg5 14. Qxg5 hxg5 15. exd6 O-O-O {½-½ (32) So,W (2812)-Carlsen,M (2832) Leuven 2017}) 8. g4 (8. Qd2 $14) 8... h5 $146 (8... Nxd4 $15 9. Bxd4 Qa5) ({Predecessor:} 8... e5 9. Nf5 Bxf5 10. exf5 d5 11. Bg5 d4 12. Bxf6 gxf6 13. Ne4 Be7 14. Qd2 Qb6 15. c3 {1-0 (45) Secher,D (1843)-Rouault,M (1499) Cholet 2009}) 9. g5 $11 Ng4 {White is slightly better.} 10. Bxg4 (10. Nxc6 $1 $14 {stays ahead.} Nxe3 11. Nxd8 Nxd1 12. Nxf7 (12. Bxd1 Kxd8 13. Be2 g6 $15) (12. Nxd1 Rxd8 13. Ne3 Bc6 $11) (12. Kxd1 Kxd8 13. Kd2 g6 $15) 12... Kxf7 13. Rxd1) 10... hxg4 $17 11. Nxc6 bxc6 12. Qd2 Qa5 13. O-O-O Rh3 14. Kb1 Rb8 15. Ne2 Qxd2 16. Rxd2 g6 17. c4 Bg7 18. c5 Be5 19. Bf4 Bxf4 20. Nxf4 Rf3 21. Ng2 (21. Nd3 $17) 21... Rb4 $19 22. Re1 (22. Ne1 {was called for.} Rf4 23. cxd6) 22... dxc5 23. Kc1 Be6 24. a3 Rc4+ 25. Kb1 Rd4 26. Rc2 c4 27. Kc1 c5 28. Ree2 Rh3 29. Nf4 Rxh2 {[#] ( -> ...Rh1+)} 30. Rc3 $2 (30. Re1) 30... Rh1+ 31. Kc2 Bd7 32. b3 cxb3+ 33. Kxb3 Ba4+ 34. Kb2 c4 35. Rce3 e6 36. Kc3 Rhd1 {[#] Strongly threatening ...e5.} 37. Re1 e5 ({Weaker is} 37... R1d2 38. R3e2 $17) 38. Rxd1 (38. Nd5 $142 Kd7 39. Kb4 Rxe1 40. Rxe1) 38... Bxd1 {[%mdl 4096] Endgame KRB-KRN} ({Less strong is} 38... Rxd1 39. Nd5 $17) 39. Nd5 Kd7 40. Kb4 Bf3 41. Re1 Kc6 42. Nc3 Rd2 43. Rf1 Rc2 44. Rg1 Rxf2 45. Kxc4 Rd2 46. Rf1 Kd6 47. a4 Ke6 48. Rg1 Rd4+ 49. Kc5 Rd3 50. Nb5 Rd7 51. a5 a6 52. Nc3 Rc7+ 53. Kb4 Rb7+ 54. Kc5 Rc7+ 55. Kb4 Rc6 {Black is clearly winning.} 56. Na4 f5 {Threatens to win with ...f4.} 57. gxf6 Kxf6 58. Nb6 Kg5 59. Nd7 Kf4 60. Nc5 Rd6 61. Kc3 Be2 62. Re1 Kf3 63. Nb3 Kf2 {Accuracy: White = 30%, Black = 75%.} 0-1

[Event "Kurnosov Memorial Rapid 2019"]
[Site "Chelyabinsk"]
[Date "2019.09.08"]
[Round "10.1"]
[White "Bareev, Evgeny"]
[Black "Bocharov, Dmitry"]
[Result "0-1"]
[WhiteElo "2643"]
[BlackElo "2519"]
[Annotator "TA"]
[PlyCount "70"]
[EventDate "2019.09.06"]
[EventType "swiss"]
[EventCountry "RUS"]
[SourceTitle "playchess.com"]
[Source "ChessBase"]
[SourceQuality "1"]

{[%evp 10,70,12,0,4,-3,-12,-14,-10,-20,-18,-16,-20,-9,0,0,0,-28,-30,-111,-73,-114,-77,-91,-127,-111,-87,-111,-129,-114,-85,-108,-73,-62,-50,-61,-59,-58,-16,-57,-64,-56,-68,-165,-157,-165,-152,-135,-143,-155,-170,-160,-161,-283,-294,-457,-413,-388,-95,-1118,-1114,-1046,-1032]} 1. c4 c5 2. g3 g6 3. Bg2 Bg7 4. Nc3 Nc6 5. d3 d6 6. Bd2 Qd7 {A36: Symmetrical English vs ...g6: 4 Bg2 Bg7} (6... e6 7. a3 Nge7 8. b4 cxb4 9. axb4 Nxb4 10. Qa4+ Nbc6 11. Nf3 O-O 12. O-O d5 13. Rfb1 b6 14. cxd5 exd5 {½-½ (31) Vachier Lagrave,M (2789)-So,W (2770) Leuven 2016}) 7. h4 $146 ({Predecessor:} 7. a3 b6 8. b4 Bb7 9. b5 Ne5 10. Nf3 Nxf3+ 11. Bxf3 Bxf3 12. exf3 e6 13. O-O Ne7 14. Ra2 {1-0 (63) Granda Zuniga,J (2674)-Felgaer,R (2577) Praia da Pipa 2014}) 7... h6 8. Nh3 b6 {The position is equal.} 9. Nf4 Bb7 10. a3 e6 11. Rb1 Nge7 12. b4 Nd4 13. Kf1 O-O 14. Qc1 (14. e3 $11) 14... Rac8 (14... d5 {seems wilder.} 15. cxd5 e5 16. bxc5 exf4 17. c6 Nexc6 18. dxc6 Bxc6 19. Bxc6 Qxc6 20. Ne4 Qd5) 15. b5 Bxg2+ (15... d5 {with more complications.} 16. a4 dxc4 17. dxc4 Rfd8 18. Be1 Bxg2+ 19. Nxg2 Nef5) 16. Kxg2 d5 17. f3 Rfd8 {Hoping for ...dxc4.} 18. Be1 dxc4 19. dxc4 Qb7 20. Bf2 Rd7 21. a4 Rcd8 22. Re1 Nef5 23. Ne4 Nd6 24. Nxd6 Rxd6 25. Nh3 e5 26. e4 (26. Bxd4 $15 Rxd4 27. Nf2) 26... f5 $19 27. Ng1 fxe4 28. fxe4 Rf8 29. Rb2 Rdf6 30. Bxd4 exd4 31. Qc2 (31. Nh3 {was called for.}) 31... Qf7 {aiming for ...d3!} 32. e5 {[#]} (32. Kh1 {was worth a try.}) 32... d3 $1 {[%cal Rd3c2][%mdl 512]} 33. Qd2 (33. Qxd3 Rf2+) 33... Rf1 $2 (33... Rf5 $19 {is more deadly.} 34. Re4 Rxe5) 34. Rxf1 $4 {[%mdl 8192]} (34. Re4 $17) 34... Qxf1+ 35. Kh2 Bxe5 {Accuracy: White = 38%, Black = 58%.} 0-1

[Event "Kurnosov Memorial Rapid 2019"]
[Site "Chelyabinsk"]
[Date "2019.09.08"]
[Round "10.2"]
[White "Sivuk, Vitaly"]
[Black "Movsesian, Sergei"]
[Result "1/2-1/2"]
[WhiteElo "2559"]
[BlackElo "2654"]
[Annotator "TA"]
[PlyCount "44"]
[EventDate "2019.09.06"]
[EventType "swiss"]
[EventCountry "RUS"]
[SourceTitle "playchess.com"]
[Source "ChessBase"]
[SourceQuality "1"]

{[%evp 12,14,6,8,20]} 1. d4 Nf6 2. c4 e6 3. Nc3 Bb4 4. e3 d5 5. Nf3 O-O 6. Bd3 c5 7. O-O cxd4 {E53: Nimzo-Indian: Rubinstein: Main Line (4...0-0 5 Nf3 d5 6 Bd3 c5 7 0-0)} {Predecessor:} 8. exd4 $146 dxc4 9. Bxc4 b6 10. Bg5 Bb7 11. Qe2 Bxc3 12. bxc3 Nbd7 13. Rac1 Qc7 14. Nd2 Nd5 15. f3 Rac8 16. Rfe1 N7f6 17. Qd3 Nf4 18. Qc2 N6d5 19. Qb2 Ng6 20. Bf1 h6 21. c4 Ndf4 22. Bxf4 Qxf4 {1-0 (57) Bruzon Batista,L (2653)-Kuzubov,Y (2655) Saint Louis 2018} 1/2-1/2

[Event "Kurnosov Memorial Rapid 2019"]
[Site "Chelyabinsk"]
[Date "2019.09.08"]
[Round "10.3"]
[White "Ponkratov, Pavel"]
[Black "Harutjunyan, Gevorg"]
[Result "1-0"]
[WhiteElo "2644"]
[BlackElo "2455"]
[Annotator "TA"]
[PlyCount "87"]
[EventDate "2019.09.06"]
[EventType "swiss"]
[EventCountry "RUS"]
[SourceTitle "playchess.com"]
[Source "ChessBase"]
[SourceQuality "1"]

{[%evp 19,87,41,62,37,84,79,85,90,93,80,77,86,76,70,93,77,78,47,61,65,70,35,63,27,52,39,19,37,53,39,98,108,162,164,454,379,375,384,310,318,283,191,429,450,993,987,983,972,1002,970,1423,1416,1566,1506,2348,2207,29989,29990,29990,29991,29991,29992,29992,29963,29993,29994,29997,29998,29998,29999]} 1. e4 c5 2. Nf3 e6 3. d4 cxd4 4. Nxd4 a6 5. Be2 Nf6 6. Nc3 d6 7. f4 Be7 8. O-O O-O 9. Kh1 Nbd7 10. Bf3 Qc7 11. g4 {B84: Sicilian Scheveningen: 6 Be2 a6, lines without early Be3} (11. a4 Nb6 12. Qe1 e5 13. Nf5 Bxf5 14. exf5 Rfe8 15. g4 e4 16. Nxe4 Qxc2 17. Qc3 Rac8 18. Qxc2 Rxc2 {0-1 (58) Hou,Y (2617)-Dzagnidze,N (2545) Geneve 2013}) 11... Rb8 12. g5 Ne8 13. a4 {White is better.} b6 14. f5 Ne5 15. Bg2 g6 $146 ({Predecessor:} 15... Qc5 16. Nce2 d5 17. exd5 exd5 18. Bf4 Bd6 {0-1 (39) Nestorovic,L (2201)-Zobenica,I (2072) Belgrade 2009}) 16. Qe1 Bd7 17. f6 Bd8 18. Qh4 b5 19. axb5 axb5 20. Nce2 h5 21. Ra3 Kh7 22. Rh3 Rh8 23. Nf4 $36 {[%mdl 2048] Black is under pressure.} Kg8 24. Qe1 Qa7 {[#]} (24... Rh7 $14) 25. Nf3 $1 $16 {[%cal Rf3e5] aiming for Nxe5.} Ng4 (25... b4 $16) 26. Nh4 $18 {Black must now prevent Nhxg6!} Bb6 $2 (26... Rh7) 27. Ra3 Qc7 {[#]} 28. Nfxg6 $1 {[%mdl 512]} fxg6 29. Nxg6 Rh7 30. Rc3 Qa7 $2 (30... Ba5) 31. Rcf3 {Strongly threatening f7+.} Kf7 (31... Nexf6 $142 32. gxf6 Kf7) 32. Nh4 {Hoping for g6+.} Nexf6 33. g6+ {[%mdl 64] Double Attack} Kg7 34. gxh7 Bc6 35. h3 Bxe4 36. hxg4 Bxf3 37. Rxf3 hxg4 {[#]} 38. Bh6+ $1 {[%mdl 576] Decoy. White mates.} Kxh6 39. Rxf6+ Kg5 40. Rg6+ Kh5 41. Rg8 Bd4 {[#]} 42. Nf3 $1 {[%csl Gf3][%cal Re1h4][%mdl 512]} g3 (42... gxf3 43. Bxf3+) 43. Rg5+ Kh6 44. Qxe6+ {[%mdl 64] Double Attack. Accuracy: White = 70%, Black = 29%.} 1-0

[Event "Kurnosov Memorial Rapid 2019"]
[Site "Chelyabinsk"]
[Date "2019.09.08"]
[Round "10.4"]
[White "Volkov, Sergey"]
[Black "Lobanov, Sergei"]
[Result "1-0"]
[WhiteElo "2557"]
[BlackElo "2515"]
[Annotator "ChessBase"]
[PlyCount "63"]
[EventDate "2019.09.06"]
[EventType "swiss"]
[EventCountry "RUS"]
[SourceTitle "playchess.com"]
[Source "ChessBase"]
[SourceQuality "1"]
[TimeControl "900+10"]

1. d4 {[%emt 0:00:00]} Nf6 {[%emt 0:00:00]} 2. c4 {[%emt 0:00:00]} e6 {[%emt 0:00:00]} 3. Nf3 {[%emt 0:00:00]} b6 {[%emt 0:00:08]} 4. g3 {[%emt 0:00:01]} Ba6 {[%emt 0:00:01]} 5. Nbd2 {[%emt 0:00:04]} c5 {[%emt 0:00:17]} 6. Bg2 {[%emt 0:00:13]} Nc6 {[%emt 0:00:15]} 7. e3 {[%emt 0:01:48]} Be7 {[%emt 0:01:10]} 8. O-O {[%emt 0:00:07]} O-O {[%emt 0:00:06]} 9. b3 {[%emt 0:00:40]} Rc8 {[%emt 0:01:34]} 10. Bb2 {[%emt 0:00:17]} cxd4 {[%emt 0:00:01]} 11. exd4 {[%emt 0:00:38]} d5 {[%emt 0:00:03]} 12. Ne5 {[%emt 0:00:07]} Na5 {[%emt 0:00:12]} 13. Rc1 {[%emt 0:00:27]} Bb4 {[%emt 0:00:25]} 14. Re1 {[%emt 0:00:15]} dxc4 {[%emt 0:00:42]} 15. bxc4 {[%emt 0:00:04]} Bxd2 {[%emt 0:02:56]} 16. Qxd2 {[%emt 0:00:02]} Nxc4 {[%emt 0:00:00]} 17. Nxc4 {[%emt 0:00:12]} Bxc4 {[%emt 0:00:26]} 18. d5 {[%emt 0:00:01]} exd5 {[%emt 0:03:17]} 19. Bh3 {[%emt 0:00:42]} Ra8 {[%emt 0:00:29]} 20. Qd4 {[%emt 0:01:06]} Re8 {[%emt 0:00:23]} 21. Bf5 {[%emt 0:00:20]} h6 {[%emt 0:00:53]} 22. h4 {[%emt 0:00:14]} b5 {[%emt 0:00:09]} 23. Rxe8+ {[%emt 0:00:41]} Qxe8 {[%emt 0:01:05]} 24. g4 {[%emt 0:00:44]} Qe2 {[%emt 0:00:59]} 25. Bc3 {[%emt 0:00:40]} Qf3 {[%emt 0:00:49]} 26. Re1 {[%emt 0:00:17]} Qh3 {[%emt 0:00:01]} 27. a3 {[%emt 0:01:46]} a5 {[%emt 0:01:19]} 28. h5 {[%emt 0:01:17]} b4 {[%emt 0:00:38]} 29. axb4 {[%emt 0:00:05]} axb4 {[%emt 0:00:01]} 30. Bxb4 {[%emt 0:00:18]} Nxh5 {[%emt 0:00:39]} 31. Qa7 {[%emt 0:00:17]} Rf8 {[%emt 0:00:57]} 32. Qe7 {[%emt 0:00:14]} 1-0

[Event "Kurnosov Memorial Rapid 2019"]
[Site "Chelyabinsk"]
[Date "2019.09.08"]
[Round "10.5"]
[White "Zhalmakhanov, Ramazan"]
[Black "Pridorozhni, Aleksei"]
[Result "1-0"]
[WhiteElo "2342"]
[BlackElo "2599"]
[Annotator "RC"]
[PlyCount "119"]
[EventDate "2019.09.06"]
[EventType "swiss"]
[EventCountry "RUS"]
[SourceTitle "playchess.com"]
[Source "ChessBase"]
[SourceQuality "1"]
[TimeControl "900+10"]

1. e4 {[%emt 0:00:00]} c6 {[%emt 0:00:00]} 2. d4 {[%emt 0:00:00]} d5 {[%emt 0:00:00]} 3. exd5 {[%emt 0:00:00]} cxd5 {[%emt 0:00:00]} 4. Bd3 {[%emt 0:00:00]} Nc6 {[%emt 0:00:00]} 5. c3 {[%emt 0:00:00]} Nf6 {[%emt 0:00:02]} 6. Bf4 {[%emt 0:00:00]} g6 {[%emt 0:00:02]} 7. Nf3 {[%emt 0:00:16]} Bg7 {[%emt 0:00:03]} 8. O-O {[%emt 0:00:07]} O-O {[%emt 0:00:24]} 9. Nbd2 {[%emt 0:00:37]} Nh5 {[%emt 0:00:03]} 10. Be3 {[%emt 0:01:06]} Qd6 {[%emt 0:00:03]} 11. Re1 {[%emt 0:00:37]} b6 {[%emt 0:00:36]} 12. Nf1 {[%emt 0:02:07]} a5 {[%emt 0:01:24]} 13. Ng3 {[%emt 0:00:17]} Nxg3 {[%emt 0:00:03]} 14. hxg3 {[%emt 0:00:02]} Ba6 {[%emt 0:00:06]} 15. Bf4 {[%emt 0:00:29]} Qd7 {[%emt 0:00:01]} 16. Bxa6 {[%emt 0:00:14]} Rxa6 {[%emt 0:00:02]} 17. Qd3 {[%emt 0:00:02]} Ra7 {[%emt 0:00:07]} 18. a4 {[%emt 0:01:01]} f6 {[%emt 0:01:28]} 19. Re2 {[%emt 0:01:48]} Re8 {[%emt 0:00:07]} 20. Rae1 {[%emt 0:00:15]} Rb7 {[%emt 0:00:09]} 21. Qb5 {[%emt 0:00:45]} Na7 {[%emt 0:00:49]} 22. Qxd7 {[%emt 0:02:31]} Rxd7 {[%emt 0:00:02]} 23. Re6 {[%emt 0:00:00]} Rb7 {[%emt 0:00:02]} 24. g4 {[%emt 0:00:21]} g5 {[%emt 0:01:05]} 25. Bd6 {[%emt 0:02:06]} Kf7 {[%emt 0:00:02]} 26. Nd2 {[%emt 0:00:17]} Bf8 {[%emt 0:00:04]} 27. Ba3 {[%emt 0:03:01]} Rc8 {[%emt 0:00:03]} 28. Kf1 {[%emt 0:00:42]} Rc6 {[%emt 0:00:43]} 29. R6e3 {[%emt 0:00:15]} Nc8 {[%emt 0:00:43]} 30. g3 {[%emt 0:00:12]} Rbc7 {[%emt 0:00:04]} 31. Ke2 {[%emt 0:00:42]} Nd6 {[%emt 0:00:43]} 32. Kd3 {[%emt 0:00:02]} Nc4 {[%emt 0:00:17]} 33. Nxc4 {[%emt 0:00:04]} Rxc4 {[%emt 0:00:02]} 34. Re6 {[%emt 0:00:03]} R4c6 {[%emt 0:00:29]} 35. R6e2 {[%emt 0:00:20]} h6 {[%emt 0:00:44]} 36. f4 {[%emt 0:00:01]} e5 {[%emt 0:00:24]} 37. Bxf8 {[%emt 0:00:35]} e4+ {[%emt 0:00:01]} 38. Ke3 {[%emt 0:00:04]} Kxf8 {[%emt 0:00:02]} 39. Rf2 {[%emt 0:00:14]} Kg7 {[%emt 0:05:13]} 40. Ref1 {[%emt 0:00:12]} b5 {[%emt 0:00:29]} 41. axb5 {[%emt 0:00:09]} Rb6 {[%emt 0:00:01]} 42. fxg5 {[%emt 0:00:08]} fxg5 {[%emt 0:00:44]} 43. Kd2 {[%emt 0:00:15]} Rxb5 {[%emt 0:00:03]} 44. Kc2 {[%emt 0:00:07]} Rcb7 {[%emt 0:00:09]} 45. Kb1 {[%emt 0:00:11]} a4 {[%emt 0:00:14]} 46. Ka2 {[%emt 0:00:00]} Rb3 {[%emt 0:00:05]} 47. Rc2 {[%emt 0:00:04]} Kg6 {[%emt 0:00:43]} 48. Rf5 {[%emt 0:00:03]} R3b5 {[%emt 0:00:11]} 49. Re5 {[%emt 0:00:09]} R7b6 {[%emt 0:00:36]} 50. Rf2 {[%emt 0:00:35]} h5 {[%emt 0:02:26]} 51. Ka3 {[%emt 0:00:00]} h4 {[%emt 0:00:27]} 52. gxh4 {[%emt 0:00:15]} gxh4 {[%emt 0:00:01]} 53. Rh5 {[%emt 0:00:16]} Rb3+ {[%emt 0:00:06]} 54. Kxa4 {[%emt 0:00:05]} Rxb2 {[%emt 0:00:06]} 55. Rxb2 {[%emt 0:00:10]} Rxb2 {[%emt 0:00:02]} 56. Rxh4 {[%emt 0:00:06]} Kg5 {[%emt 0:01:31]} 57. Rh5+ {[%emt 0:00:01]} Kxg4 {[%emt 0:00:05]} 58. Rxd5 {[%emt 0:00:01]} e3 {[%emt 0:00:01]} 59. Re5 {[%emt 0:00:10]} Kf3 {[%emt 0:00:21]} 60. c4 {[%emt 0:00:24]} 1-0

[Event "Kurnosov Memorial Rapid 2019"]
[Site "Chelyabinsk"]
[Date "2019.09.08"]
[Round "10.6"]
[White "Kokarev, Dmitry"]
[Black "Belyakov, Bogdan"]
[Result "1-0"]
[WhiteElo "2601"]
[BlackElo "2495"]
[Annotator "RC"]
[PlyCount "87"]
[EventDate "2019.09.06"]
[EventType "swiss"]
[EventCountry "RUS"]
[SourceTitle "playchess.com"]
[Source "ChessBase"]
[SourceQuality "1"]
[TimeControl "900+10"]

1. c4 {[%emt 0:00:00]} Nf6 {[%emt 0:00:24]} 2. Nc3 {[%emt 0:00:04]} g6 {[%emt 0:00:05]} 3. g3 {[%emt 0:00:03]} Bg7 {[%emt 0:00:03]} 4. Bg2 {[%emt 0:00:03]} O-O {[%emt 0:00:04]} 5. d4 {[%emt 0:00:36]} d6 {[%emt 0:01:02]} 6. e3 {[%emt 0:00:06]} c5 {[%emt 0:02:03]} 7. Nge2 {[%emt 0:00:04]} Nc6 {[%emt 0:00:03]} 8. O-O {[%emt 0:00:17]} Bd7 {[%emt 0:00:39]} 9. b3 {[%emt 0:00:05]} Qc8 {[%emt 0:01:04]} 10. Bb2 {[%emt 0:01:26]} Bh3 {[%emt 0:00:24]} 11. d5 {[%emt 0:00:28]} Bxg2 {[%emt 0:00:39]} 12. Kxg2 {[%emt 0:00:02]} Na5 {[%emt 0:01:25]} 13. Qc2 {[%emt 0:00:31]} a6 {[%emt 0:00:04]} 14. a4 {[%emt 0:00:05]} Qf5 {[%emt 0:00:39]} 15. Qxf5 {[%emt 0:01:04]} gxf5 {[%emt 0:00:03]} 16. Ra3 {[%emt 0:00:02]} Ne4 {[%emt 0:01:32]} 17. Rd1 {[%emt 0:00:14]} Nxc3 {[%emt 0:01:03]} 18. Nxc3 {[%emt 0:00:43]} Rfd8 {[%emt 0:00:07]} 19. Kf3 {[%emt 0:00:24]} Be5 {[%emt 0:00:05]} 20. Ke2 {[%emt 0:00:05]} Kf8 {[%emt 0:00:55]} 21. Kd3 {[%emt 0:00:07]} Ke8 {[%emt 0:00:02]} 22. Kc2 {[%emt 0:00:03]} Kd7 {[%emt 0:00:03]} 23. Ne2 {[%emt 0:02:15]} Bxb2 {[%emt 0:00:30]} 24. Kxb2 {[%emt 0:00:01]} e5 {[%emt 0:00:37]} 25. Kc2 {[%emt 0:00:30]} Ke7 {[%emt 0:00:31]} 26. Ng1 {[%emt 0:00:32]} Rg8 {[%emt 0:00:18]} 27. Raa1 {[%emt 0:00:05]} Rg4 {[%emt 0:00:08]} 28. Nf3 {[%emt 0:00:43]} Kf6 {[%emt 0:00:12]} 29. Kc3 {[%emt 0:00:15]} Rc8 {[%emt 0:00:34]} 30. Ra2 {[%emt 0:00:31]} Rgg8 {[%emt 0:00:13]} 31. Re1 {[%emt 0:00:09]} Rg4 {[%emt 0:00:08]} 32. Nh4 {[%emt 0:00:14]} Rgg8 {[%emt 0:00:45]} 33. f3 {[%emt 0:00:04]} h5 {[%emt 0:00:18]} 34. e4 {[%emt 0:00:48]} f4 {[%emt 0:00:43]} 35. Nf5 {[%emt 0:00:03]} fxg3 {[%emt 0:00:34]} 36. hxg3 {[%emt 0:00:02]} Rcd8 {[%emt 0:00:16]} 37. Rh1 {[%emt 0:00:03]} Rg5 {[%emt 0:00:40]} 38. Rah2 {[%emt 0:00:07]} Rdg8 {[%emt 0:00:46]} 39. Rxh5 {[%emt 0:00:20]} Rxg3 {[%emt 0:00:02]} 40. Rh6+ {[%emt 0:00:33]} R3g6 {[%emt 0:00:01]} 41. Nxd6 {[%emt 0:00:03]} Rd8 {[%emt 0:01:12]} 42. Nf5 {[%emt 0:00:18]} Rxh6 {[%emt 0:00:04]} 43. Rxh6+ {[%emt 0:00:05]} Kg5 {[%emt 0:00:01]} 44. b4 {[%emt 0:00:08]} 1-0